000 01020nam a2200181Ia 4500
008 090124s9999 xx 000 0 und d
082 _b27959
100 _aवैद्य डॉ. सुमन व कोठेकर डॉ. शांता
245 _a नहाराष्ट्रातील काँग्रेसचा स्वातंत्र्यलढा
250 _a0
260 _bमहाराष्ट्र राज्य साहित्य-संस्कृति मंडळ
_c1985
300 _a151
600 _aवैद्य डॉ. सुमन व कोठेकर डॉ. शांता
630 _a नहाराष्ट्रातील काँग्रेसचा स्वातंत्र्यलढा
700 _aवैद्य डॉ. सुमन व कोठेकर डॉ. शांता
730 _a नहाराष्ट्रातील काँग्रेसचा स्वातंत्र्यलढा
942 _cBOOK
999 _c96241
_d96241